| 000 | 00645nam a22001817a 4500 | ||
|---|---|---|---|
| 999 |
_c173678 _d173678 |
||
| 005 | 20200304161658.0 | ||
| 010 | _aUR-10723 | ||
| 020 |
_c150.00 _a9789383239924 |
||
| 035 | _aU-9278 | ||
| 037 |
_bDBAD/PUB _a- |
||
| 100 | _aمر تبين :ہا جر ہ پر و ين | ||
| 245 |
_a ا د ب شنا سی _cمر تبين :ہا جر ہ پر و ين |
||
| 246 |
_bAdab Shanasi (Urdu) _aCompiled by Hajira Parveen |
||
| 260 |
_aN.Delhi _bApplied Books _c2019 ء |
||
| 270 |
_a1739/10,New Kohinoor Hotel,Patodi House Darya Ganj, _bN.Delhi _e110002 _k- _l- |
||
| 300 |
_a240 ص _c22 Cm(Hb) |
||
| 942 |
_2ddc _cUR _h840.08 _mا د ب |
||